| 000 | 01086nam2a2200253 4500 | ||
|---|---|---|---|
| 001 | rc\2977994 | ||
| 005 | 20110909184822.6 | ||
| 035 | _a(NLR Aleph) 007123594 | ||
| 090 |
_a13609394 _c13609394 |
||
| 100 | _a20110909d1939 |||y0rusy50 ca | ||
| 101 | 0 | _arus | |
| 102 | _aRU | ||
| 105 | _ay z ||||| | ||
| 200 | 1 |
_aПо виноградному виноделию и коньячному производству _f[Сост. А.Н. Мирзоян, В.П. Краснокутский] |
|
| 210 | _d1939 | ||
| 215 | _a96 с. | ||
| 461 | 0 |
_1001rc\2977988 _12001#$aНормы требований и программы технического минимума и курсов повышенного типа II ступени для рабочих винодельческой промышленности$eУтв. Главвино и ГУУЗ НКПП СССР$vСб. 2 |
|
| 702 | 1 |
_aМирзоян _bА. Н. _4220 |
|
| 702 | 1 |
_aКраснокутский _bВ. П. _4220 |
|
| 801 | 0 |
_aRU _bNLR _gpsbo |
|
| 801 | 1 |
_aRU _bELAR _2rusmarc |
|
| 852 |
_aNLR _j39-17/417 |
||
| 942 | _cBOOK | ||
| 980 | _aNB | ||